01179nac a22003011u 4500999001500000003000900015005001700024008004100041020001500082040004300097082001900140100004100159245018600200250002500386264005500411300002600466336002600492337002800518338002700546500002600573600004000599650002700639651001000666653001300676655002400689942002200713952014200735 c9244d9244EG-ScBUE20210308103741.0200219s2003 ii f 000 0beng d a8175811412 aEG-ScBUEbengerdacEG-ScBUEdEG-ScBUE04a821.8bGUP2221 aGupta, S. P. Sen, eauthor.10aMatthew Arnold :bSelected poems /cS. P. Sen Gupta, M.A.Ph.D., formerly senior professor and head of the Deptt. of English and Dean of the Faculty of Arts, North Bengal University. aSeventeenth edition. 1aNew Delhi :bRama Brothers India Pvt. Ltd.,c2003. ax, 430 pages ;c20 cm 2rdacontentatextbtxt 2rdamediaaunmediatedbn 2rdacarrieravolumebnc aDistributer: Al-Ahram17aArnold, Matthew,d1822-1888,2BUEsh aPoetics.2BUEsh940332 2BUEsh bHHUUEENN vReading book934232 cBBk821.8GUP2ddc 00102ddc40708AlahramaMAINbMAINc2NDd2008-04-22ePurchasel1o821.8 GUPp000011196r2025-07-15 00:00:00s2010-07-13w2008-04-22yBB